Sports Quiz

Random Sports or Football Quiz

Undefeated Regular Seasons Since 2000 (FBS) Quiz Stats

 Plays Quiz Updated Dec 4, 2017

Score 0/37 Timer 05:00
1 Play Today
Year Team % Correct
2009Alabama
99%
2016Alabama
99%
2018Alabama
98.8%
2002Ohio State
93.9%
2006Ohio State
93.8%
2012Ohio State
93.8%
2018Clemson
92.7%
2013Florida State
90.8%
2014Florida State
90.7%
2005Texas
89.5%
2009Texas
89.4%
2004USC
89%
2005USC
89%
2018UCF
85.8%
2018Notre Dame
85.5%
2000Oklahoma
84.7%
2004Oklahoma
84.7%
2015Clemson
84.1%
2004Auburn
83.4%
Year Team % Correct
2010Auburn
83.4%
2011LSU
82.6%
2017UCF
82.6%
2010Oregon
80%
2001Miami (FL)
78.9%
2002Miami (FL)
78.9%
2006Boise State
77.1%
2004Boise State
77%
2009Boise State
77%
2008Boise State
76.5%
2012Notre Dame
70.3%
2016Western Michigan
63.5%
2009TCU
58.9%
2010TCU
58.9%
2004Utah
54%
2008Utah
53.9%
2007Hawaii
33.9%
2009Cincinnati
20.9%

You're not logged in!

Compare scores with friends on all Sporcle quizzes.
OR
Log In

You Might Also Like...

Show Comments

Extras

Top Quizzes Today


Score Distribution

Your Account Isn't Verified!

In order to create a playlist on Sporcle, you need to verify the email address you used during registration. Go to your Sporcle Settings to finish the process.

Report this User

Report this user for behavior that violates our Community Guidelines.

Details: